Planification démegraphique

সংরক্ষণ করুন:
গ্রন্থ-পঞ্জীর বিবরন
বিন্যাস: গ্রন্থ
ভাষা:Undetermined
প্রকাশিত: Paris Banque Mondiale 1972
বিষয়গুলি:
ট্যাগগুলো: ট্যাগ যুক্ত করুন
কোনো ট্যাগ নেই, প্রথমজন হিসাবে ট্যাগ করুন!
Thư viện lưu trữ: Trung tâm Học liệu Trường Đại học Cần Thơ
LEADER 00404nam a2200157Ia 4500
001 CTU_87040
008 210402s9999 xx 000 0 und d
082 |a 338 
082 |b P699 
245 0 |a Planification démegraphique 
260 |a Paris 
260 |b Banque Mondiale 
260 |c 1972 
650 |a Economic policy 
904 |i Tuyến 
980 |a Trung tâm Học liệu Trường Đại học Cần Thơ